| 000 | 00538nam a2200181Ia 4500 | ||
|---|---|---|---|
| 001 | 9396 | ||
| 005 | 20260306161715.0 | ||
| 008 | 260306t2017||||xx |||||||||||||| ||spa|| | ||
| 041 | _aESP | ||
| 082 |
_a378.34 _bJ27 |
||
| 100 |
_aJave, Iris _eAUT |
||
| 245 | 0 |
_aLa beca REPARED, oportunidad y derecho en el programa de reparaciones en educación: _boportunidad y derecho en el programa de reparaciones en educación |
|
| 260 | _c2017 | ||
| 300 |
_a130 páginas : _c21 cm. |
||
| 650 | _aGEN | ||
| 654 | _aCED | ||
| 942 |
_cLIB _dJUS _fJUS _2ddc _n |
||
| 999 |
_c9396 _d9396 |
||